[Event "Rated Blitz game"]
[Site "?"]
[Date "2021.11.13"]
[Round "?"]
[White "kurdistan98"]
[Black "BrilliantGambiteer"]
[Result "1-0"]
[WhiteElo "2405"]
[BlackElo "2376"]
[PlyCount "41"]
[EventDate "2021.??.??"]
[EventType "blitz"]

1. e4 e5 2. Nf3 d5 3. exd5 Bd6 4. d3 Nf6 5. c4 h6 6. Be2 O-O 7. O-O c6 8. dxc6
Nxc6 9. Nc3 Bb8 10. Be3 Qe7 11. d4 exd4 12. Nxd4 Ne5 13. Re1 Rd8 14. Qc2 a6 15.
Nf5 Bxf5 16. Qxf5 Bd6 17. Rad1 Qc7 18. Bxh6 gxh6 19. Qxf6 Nxc4 20. Nd5 Nb6 21.
Nxc7 {Normal} 1-0

[Event "Rated Blitz tournament wQZHBmb0"]
[Site "?"]
[Date "2021.11.13"]
[Round "?"]
[White "SergeZu"]
[Black "dr_xStranger"]
[Result "0-1"]
[WhiteElo "2221"]
[BlackElo "2640"]
[PlyCount "142"]
[EventDate "2021.??.??"]
[EventType "blitz"]

1. e4 e5 2. Nf3 d5 3. Nxe5 Bd6 4. d4 dxe4 5. Bc4 Bxe5 6. Qh5 Qe7 7. Qxe5 Nf6 8.
Nc3 Nc6 9. Bb5 Bd7 10. Bxc6 Bxc6 11. Bg5 Qxe5 12. dxe5 Nd7 13. e6 fxe6 14.
O-O-O O-O 15. Rhe1 Rxf2 16. Nxe4 Rxg2 17. Bf4 Rf8 18. Bxc7 Rc8 19. Bg3 Bxe4 20.
Rxe4 Rcxc2+ 21. Kb1 Rxb2+ 22. Ka1 Rxa2+ 23. Kb1 Rgb2+ 24. Kc1 Ra1+ 25. Kxb2
Rxd1 26. Rxe6 Kf7 27. Re2 a5 28. Bc7 a4 29. Ba5 Rd5 30. Bb4 Nb6 31. Re7+ Kf6
32. Rxb7 Nc4+ 33. Kc3 Ne5 34. Be7+ Kf5 35. Bf8 g5 36. Rxh7 g4 37. Ra7 Rd3+ 38.
Kc2 Rf3 39. Bd6 Re3 40. Rxa4 Re2+ 41. Kd1 Rxh2 42. Bxe5 Kxe5 43. Rxg4 Rh1+ 44.
Ke2 Ra1 45. Kd3 Ra3+ 46. Kd2 Kf5 47. Rc4 Ra2+ 48. Rc2 Ra8 49. Kd3 Ke5 50. Kd2
Kd4 51. Kc1 Kd3 52. Rd2+ Kc3 53. Rc2+ Kb3 54. Rb2+ Ka3 55. Rc2 Rd8 56. Rd2 Rc8+
57. Kd1 Kb3 58. Ke2 Kc3 59. Rd3+ Kc4 60. Rd2 Re8+ 61. Kd1 Kc3 62. Rc2+ Kd4 63.
Rd2+ Kc4 64. Re2 Ra8 65. Ke1 Ra1+ 66. Kf2 Kd3 67. Re3+ Kd2 68. Re2+ Kc3 69.
Re3+ Kc4 70. Re2 Ra5 71. Re3 Rf5+ {Time forfeit} 0-1

[Event "Rated Blitz game"]
[Site "?"]
[Date "2021.11.13"]
[Round "?"]
[White "EnricoBenetti"]
[Black "DanielPerchman"]
[Result "0-1"]
[WhiteElo "2565"]
[BlackElo "2478"]
[PlyCount "116"]
[EventDate "2021.??.??"]
[EventType "blitz"]

1. e4 e5 2. Nf3 d5 3. exd5 e4 4. Qe2 f5 5. d3 Nf6 6. dxe4 fxe4 7. Ng5 Qxd5 8.
Qd2 Qe5 9. Bc4 e3 10. Qxe3 Qxe3+ 11. Bxe3 Bb4+ 12. c3 Ba5 13. Nd2 Nc6 14. f3
Ne5 15. O-O-O Bf5 16. Bd4 Nxc4 17. Nxc4 Bb6 18. Rhe1+ Kf8 19. Ne6+ Bxe6 20.
Rxe6 Bxd4 21. Rxd4 Re8 22. Rxe8+ Kxe8 23. Na5 c5 24. Rd2 b6 25. Nc6 Kf7 26. g4
Rc8 27. Nxa7 Ra8 28. Nb5 Rxa2 29. g5 Ra1+ 30. Kc2 Nh5 31. Rd6 Rh1 32. Rxb6
Rxh2+ 33. Kd3 Nf4+ 34. Kc4 Ne6 35. Nd6+ Ke7 36. Ne4 Rh3 37. Kd5 Nf4+ 38. Kxc5
Rxf3 39. Rb7+ Kf8 40. Kd6 h5 41. gxh6 gxh6 42. c4 Nd3 43. c5 Nxc5 44. Nxc5 h5
45. Rh7 Rf6+ 46. Ne6+ Kg8 47. Rxh5 Rf2 48. b4 Rb2 49. Rh4 Kf7 50. Rf4+ Kg6 51.
b5 Rxb5 52. Ke7 Rb7+ 53. Kf8 Rb8+ 54. Ke7 Rb6 55. Kf8 Rxe6 56. Rg4+ Kh5 57. Rg7
Ra6 58. Rf7 Kg6 {Time forfeit} 0-1

[Event "Rated Blitz game"]
[Site "?"]
[Date "2021.11.13"]
[Round "?"]
[White "Mavi_alpha"]
[Black "King_bg03"]
[Result "0-1"]
[WhiteElo "2638"]
[BlackElo "2733"]
[PlyCount "134"]
[EventDate "2021.??.??"]
[EventType "blitz"]

1. e4 e5 2. Nf3 d5 3. exd5 e4 4. Qe2 Qe7 5. Nd4 Nf6 6. Nc3 Nbd7 7. d3 exd3 8.
Qxe7+ Bxe7 9. Bxd3 Nb6 10. Bb5+ Bd7 11. O-O Bxb5 12. Ndxb5 Nfxd5 13. Nxd5 Nxd5
14. c4 a6 15. Nd4 Bf6 16. Re1+ Ne7 17. Nf5 O-O-O 18. Nxe7+ Bxe7 19. Be3 Bf6 20.
Rab1 Rd3 21. g3 Rhd8 22. Kg2 h5 23. h4 Kd7 24. Kf3 Kc6 25. b3 Bc3 26. Re2 Bd4
27. Rbe1 b6 28. Ke4 Bxe3 29. fxe3 R3d6 30. Kf3 Rf6+ 31. Kg2 Kc5 32. e4 Rd3 33.
Rf1 Rxf1 34. Kxf1 Rxg3 35. Rd2 Rg4 36. Rd7 Rf4+ 37. Kg2 Kc6 38. Re7 Kd6 39. Re8
Rxh4 40. Kf3 g5 41. b4 Rh3+ 42. Ke2 Ra3 43. Rg8 g4 44. Rg5 Rxa2+ 45. Ke3 Rh2
46. Kd4 Ke6 47. Re5+ Kf6 48. Rf5+ Kg6 49. c5 g3 50. Ke3 h4 51. cxb6 cxb6 52. b5
axb5 53. Rxb5 h3 54. Rxb6+ f6 55. e5 g2 56. Rxf6+ Kg7 57. Kf2 Rh1 58. Rf3 g1=Q+
59. Ke2 Qd1+ 60. Ke3 Re1+ 61. Kf4 Qxf3+ 62. Kxf3 h2 63. e6 h1=Q+ 64. Kf4 Qf1+
65. Kg4 Re2 66. e7 Rg2+ 67. Kh5 Qh1# {Normal} 0-1

[Event "Rated Blitz game"]
[Site "?"]
[Date "2021.11.13"]
[Round "?"]
[White "SashaKuzhilniy"]
[Black "bonbonchristhov"]
[Result "1-0"]
[WhiteElo "2417"]
[BlackElo "2440"]
[PlyCount "73"]
[EventDate "2021.??.??"]
[EventType "blitz"]

1. e4 e5 2. Nf3 d5 3. Nxe5 dxe4 4. Bc4 Be6 5. Bxe6 fxe6 6. Qg4 Qd6 7. Qxe4 Nf6
8. Qe2 Nc6 9. Nxc6 Qxc6 10. O-O O-O-O 11. d3 h5 12. Bf4 h4 13. h3 Bc5 14. Nd2
Nd5 15. Bh2 Bd6 16. Bxd6 Rxd6 17. Nc4 Rdd8 18. Qe4 Kb8 19. Rab1 Rh5 20. b4 Qe8
21. Rb3 Rg5 22. b5 Qg6 23. Qxg6 Rxg6 24. Ne5 Rf6 25. Re1 Nf4 26. Rb4 Rf5 27.
Ree4 g5 28. a4 Rd5 29. Ng4 b6 30. Ne3 Ne2+ 31. Kh2 Rxf2 32. Nxd5 exd5 33. Re8+
Kb7 34. Rg4 Ng3 35. Rxg5 Rxc2 36. Rgg8 c5 37. Rg7# {Normal} 1-0

[Event "Rated Blitz game"]
[Site "?"]
[Date "2021.11.13"]
[Round "?"]
[White "Vassaux"]
[Black "Vagnus_Harellson"]
[Result "0-1"]
[WhiteElo "2554"]
[BlackElo "2473"]
[PlyCount "208"]
[EventDate "2021.??.??"]
[EventType "blitz"]

1. e4 e5 2. Nf3 d5 3. exd5 e4 4. Ne5 Qxd5 5. d4 exd3 6. Nxd3 Nf6 7. Nc3 Qh5 8.
Be2 Bg4 9. f3 Bd7 10. Bf4 Na6 11. Qd2 O-O-O 12. O-O-O Qa5 13. Kb1 Bb4 14. Nxb4
Nxb4 15. a3 Nc6 16. Nb5 Qxd2 17. Rxd2 Bf5 18. Rhd1 Rxd2 19. Rxd2 Nh5 20. Bxc7
a6 21. Nd6+ Kxc7 22. Nxf5 g6 23. Ne3 Nf4 24. Nd5+ Nxd5 25. Rxd5 Re8 26. Rd2 Nd4
27. Rxd4 Rxe2 28. Rg4 h5 29. Rg5 Kd6 30. a4 Ke6 31. c3 Kf6 32. h4 Kg7 33. a5 f5
34. Ka2 Re5 35. b4 Kf6 36. Kb3 Re1 37. Kc4 Rh1 38. g3 Rf1 39. f4 Rc1 40. Kd4
Kf7 41. c4 Re1 42. Kc5 Re6 43. b5 Ke7 44. Kd5 Kd7 45. bxa6 Rxa6 46. c5 Ke7 47.
g4 fxg4 48. f5 gxf5 49. Rxf5 Rxa5 50. Rxh5 b6 51. Rh7+ Kf8 52. Ke4 Rxc5 53. Kf4
Rc4+ 54. Kg3 Rb4 55. Rb7 b5 56. h5 Kg8 57. h6 Kh8 58. Kh4 Kg8 59. Kg5 g3 60.
Kg6 Rg4+ 61. Kh5 g2 62. Rb8+ Kf7 63. Rb7+ Ke6 64. Rb6+ Kd7 65. h7 g1=Q 66. h8=Q
Qh2+ 67. Kxg4 Qxh8 68. Rxb5 Qg8+ 69. Rg5 Qc4+ 70. Kf5 Ke7 71. Rg7+ Kf8 72. Rg6
Qd3+ 73. Kg5 Kf7 74. Rf6+ Kg7 75. Rf5 Qe4 76. Rf4 Qe3 77. Kf5 Kf7 78. Re4 Qd3
79. Ke5 Ke7 80. Kf5+ Kd6 81. Kf4 Qc3 82. Re3 Qf6+ 83. Ke4 Qe5+ 84. Kd3 Qf4 85.
Re4 Qf3+ 86. Kd4 Qf5 87. Ke3 Kd5 88. Rd4+ Ke5 89. Rd3 Qf4+ 90. Ke2 Ke4 91. Rd2
Qf3+ 92. Ke1 Qc3 93. Ke2 Qc1 94. Rd1 Qc4+ 95. Kd2 Qb3 96. Rc1 Kd4 97. Rc2 Qb4+
98. Ke2 Qb3 99. Rd2+ Ke4 100. Ke1 Qb1+ 101. Ke2 Qb5+ 102. Kf2 Qc5+ 103. Ke2
Qc4+ 104. Kd1 Ke3 {Time forfeit} 0-1

[Event "Rated Blitz game"]
[Site "?"]
[Date "2021.11.13"]
[Round "?"]
[White "AlenaPfin"]
[Black "Anecdot"]
[Result "1-0"]
[WhiteElo "2437"]
[BlackElo "2321"]
[PlyCount "59"]
[EventDate "2021.??.??"]
[EventType "blitz"]

1. e4 e5 2. Nf3 d5 3. exd5 e4 4. Ng1 Qxd5 5. Nc3 Qe6 6. g3 Nc6 7. Bg2 f5 8.
Nge2 Nf6 9. Nf4 Qe7 10. Ncd5 Nxd5 11. Nxd5 Qd6 12. c4 Be6 13. d3 O-O-O 14. dxe4
fxe4 15. Bxe4 Bh3 16. Bf4 Qc5 17. Qe2 Nd4 18. Qd3 c6 19. Rc1 Bd6 20. b4 Qxb4+
21. Nxb4 Bxb4+ 22. Bd2 Bxd2+ 23. Kxd2 Rhe8 24. Kc3 Nb5+ 25. cxb5 Rxd3+ 26. Bxd3
c5 27. Rce1 Rd8 28. Re7 b6 29. Rxa7 Bg2 30. Re1 {Normal} 1-0

[Event "Rated Blitz tournament pOguoLuZ"]
[Site "?"]
[Date "2021.11.12"]
[Round "?"]
[White "R-arief"]
[Black "Room_CSS"]
[Result "0-1"]
[WhiteElo "2399"]
[BlackElo "2492"]
[PlyCount "148"]
[EventDate "2021.??.??"]
[EventType "blitz"]

1. e4 e5 2. Nf3 d5 3. exd5 e4 4. Ng1 Nf6 5. Nc3 Bb4 6. d3 Bxc3+ 7. bxc3 Qxd5 8.
c4 Qd4 9. Be3 Qc3+ 10. Bd2 Qd4 11. c3 Qd6 12. d4 O-O 13. Be3 Nc6 14. Ne2 Ng4
15. Ng3 f5 16. Qd2 f4 17. Bxf4 Rxf4 18. c5 Qf8 19. Bc4+ Kh8 20. O-O Bd7 21. h3
Nh6 22. Rae1 Re8 23. Bd5 e3 24. fxe3 Rxf1+ 25. Rxf1 Qe7 26. e4 Nd8 27. e5 Bc6
28. c4 Qd7 29. Bxc6 Nxc6 30. d5 Nxe5 31. Qd4 b6 32. cxb6 axb6 33. Kh2 Qd6 34.
a4 Ng6 35. Rf3 Rf8 36. Rxf8+ Nxf8 37. Qe4 g6 38. Qd4+ Kg8 39. a5 bxa5 40. Qe4
Nf5 41. Kg1 Qxg3 42. Kh1 a4 43. d6 cxd6 44. Qd5+ Kg7 45. c5 dxc5 46. Qb7+ Kh6
47. Kg1 Qe3+ 48. Kh2 a3 49. Qa7 Qe5+ 50. Kh1 Qc3 51. Kh2 Ne6 52. Qa4 Qe5+ 53.
Kh1 Nf4 54. Qc2 Qe1+ 55. Kh2 Qg3+ 56. Kg1 Qxg2+ 57. Qxg2 Nxg2 58. h4 a2 59. Kf2
Kh5 60. Kg1 a1=Q+ 61. Kh2 Qd4 62. Kh3 Qxh4+ 63. Kxg2 Qg4+ 64. Kf2 Kg5 65. Ke1
Ne7 66. Kd2 h5 67. Kc3 Qd4+ 68. Kc2 h4 69. Kb3 h3 70. Kc2 h2 71. Kb3 h1=Q 72.
Kc2 Qh3 73. Kb1 Qf2 74. Kc1 Qh1# {Normal} 0-1

[Event "Rated Blitz game"]
[Site "?"]
[Date "2021.11.12"]
[Round "?"]
[White "chess_in_two_dresses"]
[Black "Pepiton61"]
[Result "1/2-1/2"]
[WhiteElo "2409"]
[BlackElo "2318"]
[PlyCount "45"]
[EventDate "2021.??.??"]
[EventType "blitz"]

1. e4 e5 2. Nf3 d5 3. d3 Nc6 4. Be2 Nf6 5. exd5 Nxd5 6. O-O Be7 7. Re1 O-O 8.
Bf1 f6 9. Nc3 Nxc3 10. bxc3 Bg4 11. Rb1 Rb8 12. h3 Bh5 13. g4 Bg6 14. Nh4 Bf7
15. Bg2 Qd7 16. Nf5 Bc5 17. Be3 Bxe3 18. Nxe3 Rfd8 19. Be4 g6 20. Qf3 Kg7 21.
Rxb7 Rxb7 22. Bxc6 e4 23. Qxe4 {Normal} 1/2-1/2

[Event "Rated Blitz game"]
[Site "?"]
[Date "2021.11.12"]
[Round "?"]
[White "Lessons_online"]
[Black "Fantastic_power06"]
[Result "1/2-1/2"]
[WhiteElo "2689"]
[BlackElo "2822"]
[PlyCount "163"]
[EventDate "2021.??.??"]
[EventType "blitz"]

1. e4 e5 2. Nf3 d5 3. Nxe5 Bd6 4. d4 dxe4 5. Nc4 Nc6 6. Nc3 Bf5 7. d5 Ne5 8.
Be3 Nf6 9. Nxe5 Bxe5 10. Bb5+ Kf8 11. Bd4 Qd6 12. Bxe5 Qxe5 13. Qd2 Rd8 14.
O-O-O a6 15. Bc4 b5 16. Bb3 b4 17. Ne2 a5 18. Qd4 Qd6 19. h3 h5 20. g4 hxg4 21.
hxg4 Rxh1 22. Rxh1 Bxg4 23. Rh8+ Ke7 24. Rxd8 Kxd8 25. Ng3 Qf4+ 26. Qe3 Qxe3+
27. fxe3 Ke7 28. c4 bxc3 29. bxc3 Kd6 30. c4 Bd7 31. Kd2 Ke5 32. Kc3 Ng4 33.
Kd2 f5 34. c5 Nxe3 35. Kxe3 f4+ 36. Kf2 fxg3+ 37. Kxg3 Kd4 38. d6 cxd6 39. cxd6
Ke5 40. Bc2 Bc6 41. a3 Kxd6 42. Kf4 Kc5 43. Ke3 g5 44. Bd1 Bd5 45. Be2 Bc4 46.
Bg4 Bd3 47. Be6 Kd6 48. Bg4 Ke5 49. Bh3 Bc4 50. Bg2 Bd5 51. Bh3 Be6 52. Bg2 Bf5
53. Bf1 g4 54. Bg2 g3 55. Bh1 a4 56. Bg2 Be6 57. Bh1 Bh3 58. Bxe4 g2 59. Bxg2
Bxg2 60. Kd2 Kd4 61. Kc1 Be4 62. Kb2 Kc4 63. Ka1 Kc3 64. Ka2 Kc2 65. Ka1 Kd2
66. Ka2 Bd5+ 67. Ka1 Be6 68. Kb1 Kc3 69. Ka1 Kb3 70. Kb1 Bf5+ 71. Ka1 Kc2 72.
Ka2 Bc8 73. Ka1 Kb3 74. Kb1 Kxa3 75. Ka1 Kb3 76. Kb1 Bb7 77. Ka1 Kb4 78. Kb1
Be4+ 79. Ka1 Bf5 80. Kb2 a3+ 81. Ka1 Ka4 82. Ka2 {Normal} 1/2-1/2

[Event "Rated Blitz game"]
[Site "?"]
[Date "2021.11.12"]
[Round "?"]
[White "samqr33"]
[Black "Tintyn"]
[Result "1-0"]
[WhiteElo "2373"]
[BlackElo "2457"]
[PlyCount "67"]
[EventDate "2021.??.??"]
[EventType "blitz"]

1. e4 e5 2. Nf3 d5 3. Nxe5 Bd6 4. d4 dxe4 5. Nc4 Nf6 6. Nc3 O-O 7. Be3 Re8 8.
Qd2 Nc6 9. Be2 Bb4 10. a3 Bxc3 11. bxc3 Nd5 12. a4 h6 13. h4 f5 14. g3 Qf6 15.
h5 Be6 16. Rb1 b6 17. Rh4 Rad8 18. Bf4 Nxf4 19. Qxf4 Nxd4 20. cxd4 Qxd4 21. Ne3
Qxa4 22. Qxc7 Rc8 23. Qd6 Bf7 24. Kf1 Qa2 25. Rd1 Red8 26. Qxd8+ Rxd8 27. Rxd8+
Kh7 28. Kg2 Be6 29. Rh1 a5 30. Rhd1 a4 31. R1d6 a3 32. Rxb6 f4 33. gxf4 Qa1 34.
Rbb8 {Normal} 1-0

[Event "Rated Blitz game"]
[Site "?"]
[Date "2021.11.12"]
[Round "?"]
[White "Springer777"]
[Black "Tamrik2"]
[Result "1/2-1/2"]
[WhiteElo "2439"]
[BlackElo "2463"]
[PlyCount "67"]
[EventDate "2021.??.??"]
[EventType "blitz"]

1. e4 e5 2. Nf3 d5 3. Nc3 d4 4. Ne2 Nc6 5. Ng3 Bg4 6. Bb5 Nf6 7. d3 Bd6 8. h3
Be6 9. O-O Qd7 10. Nh4 a6 11. Bxc6 Qxc6 12. Nhf5 Bf8 13. f4 Bxf5 14. Nxf5 exf4
15. Bxf4 O-O-O 16. c3 dxc3 17. Rc1 Bc5+ 18. Kh2 Nxe4 19. Qg4 Kb8 20. dxe4 cxb2
21. Rc2 Bg1+ 22. Kxg1 Qxc2 23. Qg3 b1=Q 24. Rxb1 Qxb1+ 25. Kh2 Qc2 26. Ne7 g6
27. Nd5 Rd7 28. Qg4 Rhd8 29. Qg5 Qxe4 30. Bxc7+ Ka7 31. Bb6+ Kb8 32. Bc7+ Ka7
33. Bb6+ Kb8 34. Bc7+ {Normal} 1/2-1/2

[Event "Rated Blitz game"]
[Site "?"]
[Date "2021.11.12"]
[Round "?"]
[White "ALF0NS"]
[Black "Razario90"]
[Result "0-1"]
[WhiteElo "2430"]
[BlackElo "2408"]
[PlyCount "120"]
[EventDate "2021.??.??"]
[EventType "blitz"]

1. e4 e5 2. Nf3 d5 3. exd5 e4 4. Qe2 Nf6 5. d3 Qxd5 6. Nbd2 Nc6 7. dxe4 Qc5 8.
Nb3 Qb4+ 9. Nbd2 Be6 10. c3 Qa5 11. Qb5 O-O-O 12. Qxa5 Nxa5 13. b4 Nc6 14. Bb5
a6 15. Bxc6 bxc6 16. O-O c5 17. a3 Be7 18. Re1 Rhe8 19. c4 cxb4 20. axb4 Bxb4
21. Rxa6 Bxc4 22. Ra8+ Kd7 23. Rxd8+ Kxd8 24. e5 Ng4 25. Re4 Bxd2 26. Rxg4 Bxc1
27. Rxc4 Bh6 28. g4 g6 29. Re4 Kd7 30. Nd4 Bf8 31. Kg2 Bc5 32. Nb3 Bb6 33. f4
Ra8 34. f5 Ra2+ 35. Kf3 Ra3 36. Rb4 Bg1 37. Ke4 Bxh2 38. Nc5+ Kc6 39. Nd3 gxf5+
40. gxf5 h5 41. Rc4+ Kb6 42. e6 fxe6 43. fxe6 Bd6 44. Kf5 Rxd3 45. Kf6 Rf3+ 46.
Kg7 Re3 47. Kf7 Re5 48. Rh4 Kc6 49. Rh3 Rf5+ 50. Kg6 Re5 51. Kf7 Kd5 52. Rd3+
Ke4 53. Rh3 c5 54. Rh1 Kd5 55. Rd1+ Kc6 56. Rh1 c4 57. Rc1 Re4 58. Rh1 h4 59.
Rd1 c3 60. Rc1 Re3 {Time forfeit} 0-1

[Event "Rated Blitz game"]
[Site "?"]
[Date "2021.11.12"]
[Round "?"]
[White "Rexinator"]
[Black "Radanya_Official"]
[Result "1-0"]
[WhiteElo "2484"]
[BlackElo "2341"]
[PlyCount "103"]
[EventDate "2021.??.??"]
[EventType "blitz"]

1. e4 e5 2. Nf3 d5 3. exd5 e4 4. Qe2 Qe7 5. Nd4 Nf6 6. Nc3 c6 7. dxc6 Nxc6 8.
Nxc6 bxc6 9. d3 Bg4 10. Qe3 exd3 11. Bxd3 Qxe3+ 12. Bxe3 Bb4 13. O-O Bxc3 14.
bxc3 Nd5 15. Bc5 Kd7 16. Rfe1 Rhe8 17. f3 Be6 18. c4 Nf4 19. Bxh7 g6 20. Rad1+
Kc8 21. Bd6 Nh5 22. Be5 Bxc4 23. g4 f6 24. Bb2 Nf4 25. Rxe8+ Kb7 26. Rxa8 Kxa8
27. Rd4 Ne2+ 28. Kf2 Nxd4 29. Bxd4 Bf7 30. Bxf6 Kb7 31. f4 c5 32. Ke3 Kc6 33.
f5 gxf5 34. g5 Kd5 35. g6 Bxg6 36. Bxg6 Ke6 37. Bc3 a6 38. Kf4 Kd5 39. Bxf5 Kc4
40. Bf6 Kb5 41. h4 Ka4 42. Be6 Ka3 43. h5 a5 44. h6 c4 45. h7 c3 46. h8=Q a4
47. Qc8 Kb2 48. Qxc3+ Kc1 49. Ke3 a3 50. Qxa3+ Kxc2 51. Qc3+ Kd1 52. Bg4# {
Normal} 1-0

[Event "Rated Blitz game"]
[Site "?"]
[Date "2021.11.12"]
[Round "?"]
[White "skorbie"]
[Black "King_bg03"]
[Result "1-0"]
[WhiteElo "2668"]
[BlackElo "2711"]
[PlyCount "45"]
[EventDate "2021.??.??"]
[EventType "blitz"]

1. e4 e5 2. Nf3 d5 3. Nc3 dxe4 4. Nxe4 f5 5. Ng3 e4 6. Ne5 Nf6 7. d4 exd3 8.
Bxd3 Bd6 9. Qe2 O-O 10. Bc4+ Kh8 11. Nf7+ Rxf7 12. Bxf7 Nc6 13. c3 Ne5 14. Bb3
Nfg4 15. h3 Nf6 16. Bg5 Qf8 17. f4 Ng6 18. O-O Bd7 19. Rae1 Re8 20. Qc4 Rxe1
21. Rxe1 h6 22. Bxf6 Qxf6 23. Qg8# {Normal} 1-0

[Event "Rated Blitz game"]
[Site "?"]
[Date "2021.11.12"]
[Round "?"]
[White "Elgranconejo"]
[Black "King_bg03"]
[Result "0-1"]
[WhiteElo "2603"]
[BlackElo "2663"]
[PlyCount "122"]
[EventDate "2021.??.??"]
[EventType "blitz"]

1. e4 e5 2. Nf3 d5 3. exd5 e4 4. Qe2 Qe7 5. Nd4 Nf6 6. Nc3 Nbd7 7. d3 exd3 8.
Qxe7+ Bxe7 9. Bxd3 Nb6 10. O-O Nfxd5 11. Nxd5 Nxd5 12. Re1 O-O 13. Be4 Bf6 14.
Nb5 c6 15. Bxd5 cxb5 16. c3 Rd8 17. Bb3 Bd7 18. Be3 Bc6 19. Rad1 a5 20. a3 b4
21. Rxd8+ Rxd8 22. Bb6 Ra8 23. cxb4 axb4 24. axb4 Bxb2 25. h3 Bf6 26. Bc5 Re8
27. Rxe8+ Bxe8 28. Bd5 Bc6 29. Bxc6 bxc6 30. Kf1 Be5 31. Ke2 f6 32. Kd3 Kf7 33.
Kc4 Ke6 34. Bd4 Bd6 35. Bc5 Bc7 36. Bf8 g6 37. Kc5 Kd7 38. b5 cxb5 39. Kxb5 Be5
40. Kc4 Ke6 41. Kd3 Bc7 42. Bc5 Kd5 43. Be3 f5 44. f3 Be5 45. g4 Bd6 46. gxf5
gxf5 47. Bd2 Be5 48. Be3 Bf6 49. Bd2 Bh4 50. Be3 Ke5 51. Bd2 Bg3 52. Be3 Bf4
53. Bf2 Kd5 54. Bd4 h5 55. Bf2 Bh2 56. Be3 Ke5 57. Bd2 Bg1 58. Ke2 Bd4 59. Kf1
Bc3 60. Bxc3+ Kf4 61. Kg2 Kg5 {Time forfeit} 0-1

[Event "Rated Blitz game"]
[Site "?"]
[Date "2021.11.12"]
[Round "?"]
[White "ZeruHmyz"]
[Black "Roberto_Baggio1978"]
[Result "1-0"]
[WhiteElo "2524"]
[BlackElo "2565"]
[PlyCount "39"]
[EventDate "2021.??.??"]
[EventType "blitz"]

1. e4 e5 2. Nf3 d5 3. d4 dxe4 4. Nxe5 Bd6 5. Nc4 Nf6 6. Bg5 Nc6 7. Nc3 Bg4 8.
Qd2 Be7 9. Ne3 Qd7 10. Bb5 O-O-O 11. d5 Qd6 12. Bxf6 Bxf6 13. Bxc6 bxc6 14.
Nxg4 cxd5 15. Nxf6 gxf6 16. O-O-O c6 17. Qd4 c5 18. Qa4 Qe5 19. Qxa7 f5 20.
Qxc5+ {Normal} 1-0

[Event "Rated Blitz game"]
[Site "?"]
[Date "2021.11.12"]
[Round "?"]
[White "Kasteajedrez"]
[Black "SerialDrinker"]
[Result "0-1"]
[WhiteElo "2425"]
[BlackElo "2334"]
[PlyCount "50"]
[EventDate "2021.??.??"]
[EventType "blitz"]

1. e4 e5 2. Nf3 d5 3. Nxe5 Bd6 4. d4 dxe4 5. Nc3 Nf6 6. Bg5 Bf5 7. Bc4 O-O 8.
h4 h6 9. Qe2 Nc6 10. Nxc6 bxc6 11. g4 Bxg4 12. Qxg4 Nxg4 13. Bxd8 Raxd8 14.
Nxe4 Rfe8 15. f3 Ne3 16. Kd2 Nxc4+ 17. Kd3 Nb6 18. c3 f5 19. Nd2 Nd5 20. Nc4
Nf4+ 21. Kc2 Re2+ 22. Kb3 Rb8+ 23. Ka4 Nd3 24. b4 Nb2+ 25. Kb3 Nxc4 {Time
forfeit} 0-1

[Event "Rated Blitz game"]
[Site "?"]
[Date "2021.11.12"]
[Round "?"]
[White "Zol46"]
[Black "TheCabanyal"]
[Result "1-0"]
[WhiteElo "2328"]
[BlackElo "2422"]
[PlyCount "27"]
[EventDate "2021.??.??"]
[EventType "blitz"]

1. e4 e5 2. Nf3 d5 3. exd5 e4 4. Qe2 Nf6 5. d3 Qe7 6. dxe4 Nxe4 7. Be3 Bg4 8.
Nbd2 Nxd2 9. Qxd2 Bxf3 10. gxf3 Nd7 11. O-O-O g6 12. Bb5 Bg7 13. Bg5 f6 14.
Rhe1 {Normal} 1-0

[Event "Rated Blitz game"]
[Site "?"]
[Date "2021.11.12"]
[Round "?"]
[White "eder_oquendo"]
[Black "SerialDrinker"]
[Result "1-0"]
[WhiteElo "2402"]
[BlackElo "2301"]
[PlyCount "59"]
[EventDate "2021.??.??"]
[EventType "blitz"]

1. e4 e5 2. Nf3 d5 3. exd5 e4 4. Qe2 Nf6 5. d3 Be7 6. dxe4 O-O 7. Nc3 c6 8.
dxc6 Nxc6 9. e5 Ng4 10. h3 Ngxe5 11. Nxe5 Nxe5 12. Qxe5 Bf6 13. Qg3 Qa5 14. Bd2
Re8+ 15. Be2 Qb6 16. O-O-O Be6 17. Be3 Qa5 18. Bd4 Bg5+ 19. f4 Bh6 20. a3 Rac8
21. Bg4 f5 22. Bh5 Re7 23. Rhe1 b5 24. Bf3 Kh8 25. Qh4 Ree8 26. Qxh6 Qc7 27.
Rxe6 Qf7 28. Rde1 Red8 29. Bd5 b4 30. axb4 {Normal} 1-0

[Event "Rated Blitz game"]
[Site "?"]
[Date "2021.11.12"]
[Round "?"]
[White "Peterwholesome"]
[Black "ALJHoNNzki"]
[Result "1/2-1/2"]
[WhiteElo "2548"]
[BlackElo "2390"]
[PlyCount "109"]
[EventDate "2021.??.??"]
[EventType "blitz"]

1. e4 e5 2. Nf3 d5 3. d4 dxe4 4. Nxe5 Bd6 5. Bc4 Bxe5 6. dxe5 Qxd1+ 7. Kxd1 Nc6
8. Bf4 Nge7 9. Bb5 Bg4+ 10. Ke1 O-O-O 11. Nd2 Nd4 12. Ba4 Nd5 13. Bg3 e3 14.
Ne4 Bf5 15. Ng5 Bxc2 16. Bxc2 Nxc2+ 17. Ke2 Rd7 18. Rad1 exf2 19. Bxf2 Re8 20.
Bg3 f6 21. Nf3 fxe5 22. Nxe5 Ncb4 23. Kf2 Rde7 24. Rhe1 Nf6 25. a3 Nc2 26. Re2
Rxe5 27. Rxc2 Ng4+ 28. Kf1 Ne3+ 29. Kg1 Nxc2 30. Bxe5 Rxe5 31. h3 Re1+ 32. Rxe1
Nxe1 33. Kf1 Nd3 34. Ke2 Nxb2 35. a4 Nxa4 36. g4 Nc5 37. Ke3 Kd7 38. Kd4 Ne6+
39. Ke4 Ke7 40. Ke5 Kf7 41. Kf5 g6+ 42. Ke4 c5 43. Kf3 b5 44. Ke2 b4 45. Kd3 a5
46. Kc2 a4 47. Kb2 b3 48. Ka3 c4 49. Kb2 c3+ 50. Kxc3 Kf6 51. Kb2 Kg5 52. Ka3
Kh4 53. Kxa4 Kxh3 54. Kxb3 Kxg4 55. Kc4 {Time forfeit} 1/2-1/2

[Event "Rated Blitz game"]
[Site "?"]
[Date "2021.11.12"]
[Round "?"]
[White "SmokedGray"]
[Black "Winquitter"]
[Result "0-1"]
[WhiteElo "2588"]
[BlackElo "2591"]
[PlyCount "38"]
[EventDate "2021.??.??"]
[EventType "blitz"]

1. e4 e5 2. Nf3 d5 3. Nxe5 Qe7 4. d4 f6 5. Nf3 dxe4 6. Nfd2 f5 7. Bc4 Nf6 8.
O-O Be6 9. f3 e3 10. Bxe6 Qxe6 11. Re1 f4 12. Nb3 Nc6 13. Qd3 O-O-O 14. Nc3 g5
15. Ne4 Nxe4 16. fxe4 Nb4 17. Qc3 Qxe4 18. Nc5 Bxc5 19. dxc5 Nxc2 {Normal} 0-1

[Event "Rated Rapid game"]
[Site "?"]
[Date "2021.11.12"]
[Round "?"]
[White "estref01"]
[Black "SuperNezh"]
[Result "0-1"]
[WhiteElo "2279"]
[BlackElo "2442"]
[PlyCount "82"]
[EventDate "2021.??.??"]
[EventType "rapid"]

1. e4 e5 2. Nf3 d5 3. Qe2 Nf6 4. Nxe5 Bd6 5. Nd3 dxe4 6. f3 O-O 7. fxe4 Nxe4 8.
Kd1 Re8 9. Qf3 Nc6 10. c3 Qh4 11. Be2 Ne5 12. Nxe5 Nf2+ 13. Kc2 Bxe5 14. Rf1
Be6 15. Qxf2 Qe4+ 16. Bd3 Qa4+ 17. b3 Qd7 18. Bf5 c5 19. Bxe6 Rxe6 20. Qxc5 Rc8
21. Qb4 g6 22. Na3 a6 23. Nc4 Bg7 24. Nb6 Rxc3+ 25. Qxc3 Rxb6 26. Bb2 Bxc3 27.
Bxc3 f5 28. Rf3 Re6 29. Rf2 Qd5 30. Raf1 Qe4+ 31. d3 Qe3 32. g4 Rc6 33. Kb2
Qxd3 34. Rc2 fxg4 35. Re1 Qf5 36. Rce2 Rc8 37. Re7 b5 38. Rg7+ Kf8 39. Ree7
Qf2+ 40. Ka3 Qc5+ 41. Bb4 Qc1# {Normal} 0-1

[Event "Rated Blitz game"]
[Site "?"]
[Date "2021.11.12"]
[Round "?"]
[White "Kanon1"]
[Black "artsportscience"]
[Result "1-0"]
[WhiteElo "2450"]
[BlackElo "2361"]
[PlyCount "95"]
[EventDate "2021.??.??"]
[EventType "blitz"]

1. e4 e5 2. Nf3 d5 3. exd5 e4 4. Qe2 Nf6 5. Nc3 Be7 6. Nxe4 O-O 7. Nxf6+ Bxf6
8. Qc4 Re8+ 9. Be2 Qe7 10. Kd1 Bf5 11. Re1 Qd6 12. d3 Nd7 13. Bf4 Be5 14. Nxe5
Nxe5 15. Qd4 f6 16. Bf3 Nxf3 17. gxf3 Rxe1+ 18. Kxe1 Qe7+ 19. Kd2 Re8 20. Be3
Qd6 21. f4 a6 22. Qc5 Qd7 23. a4 Bg6 24. b3 Bf7 25. Rg1 Bxd5 26. Bd4 Kh8 27.
Kc1 b6 28. Qc3 Rf8 29. Kb2 c5 30. Be3 Re8 31. a5 bxa5 32. Qxa5 Qb5 33. Qxb5
axb5 34. Ra1 c4 35. dxc4 bxc4 36. b4 h6 37. c3 g5 38. fxg5 hxg5 39. Ra7 g4 40.
Bd4 Re2+ 41. Ka3 Re1 42. Bxf6+ Kg8 43. Rg7+ Kf8 44. Rxg4 Bf3 45. Rf4 Bd1 46. b5
Ke8 47. Kb4 Rh1 48. h4 {Normal} 1-0